000 00612nam a2200229Ia 4500
003 OSt
005 20220918201223.0
006 a|||||r|||| 00| 0
007 ta
008 220917b |||||||| |||| 00| 0 eng d
024 _a92,456
037 _cTextual
040 _aARTS
_cARTS
_beng
041 _2eng
_aeng
082 _aV:(R)z7, M5
100 _aAron Raymond
245 0 _aHistory truth liberty ; writing ed by Franciszek Braus
260 _aChicago
_bThe Univ of Chicago Press
_c1985
650 _aHISTORY
942 _hV:(R)z7, M5
_cTEXL
_2CC
999 _c216109
_d216109